• 首页
  • 本馆介绍
  • 公告通知
  • 最新文献
  • 馆藏检索
  • 电子资源
  • 读者导购
  • 参考咨询
  • 我的图书馆
  • 登录
  • 详细信息显示
  • 放入我的书架
  • 预约/预借图书
  • 作者相关作品
  • 分类相关作品
  • 丛书相关作品
  • 出版社相关作品

书目信息

  • 表格格式
  • 工作单格式
  • 卡片格式
题名:
科学的科学
    
 
作者: 戈德史密斯 , 马剀 , 广泛大使馆 主编 ;赵红州 , 蒋国华 译
分册:  
出版信息: 北京   科学出版社  1985.06
页数: 290页
开本: 19cm
丛书名:
单 册:
中图分类: N35
科图分类:
主题词: 自然科学--技术条件
电子资源:
ISBN:
000 00938nam0 2200289 450
001 0735562706
005 20071120100915.22
010    @dCNY2.70
091    @a13031.2895
100    @a20071120d1985 km y0chiy0120 ea
101 0  @achi
102    @aCN@b110000
102    @aCN@b110000
200 1  @a科学的科学@Ake xue de ke xue@e技术时代的社会@f(英)戈德史密斯,马剀主编@F(ying)ge de shi mi si,ma kai zhu bian@g赵红州,蒋国华译@Gzhao hong zhou,jiang guo hua yi
210    @a北京@c科学出版社@d1985.06
215    @a290页@d19cm
517 1  @a大使馆@Ada shi guan
517 1  @a技术时代的社会@Aji shu shi dai de she hui
606 0  @a自然科学@x技术条件
690    @aN35@v4
701  0 @a戈德史密斯@Age de shi mi si@4主编
701  0 @a马剀@Ama kai@4主编
701  0 @a广泛大使馆@Aguang fan da shi guan
702  0 @a赵红州@Azhao hong zhou@4译
702  0 @a蒋国华@Ajiang guo hua@4译
801  0 @aCN@bPFT@c20071120
905    @aBZT@dN35@e381
    
    科学的科学:技术时代的社会/(英)戈德史密斯,马剀主编/赵红州,蒋国华译.-北京:科学出版社,1985.06
    290页;19cm
    
    
    ISBN :CNY2.70
    
●
相关链接 在五车中查询图书 在当当中查询图书 在豆瓣中查询图书


正题名:科学的科学     索取号:N35/381         预约/预借

序号 登录号 条形码 馆藏地/架位号 状态 备注
1 031731   200862931   中心书库北库/ 北库024架B面2列2层60/ [索取号:N35/381] 在馆    
山东省滨州职业学院图书馆 欢迎您!
大连网信软件有限公司© 版权所有